00281nam a2200121Ia 4500008004100000082001500041100002600056245003000082250000800112260002300120300000800143650000800151191201s2008 xx 000 0 und d a658.3bPAH aPATTANAYAK, Biswajeet 0aHuman Resource Management a3rd aN.DelhibPHIc2008 a484 aMBA